| 000 | 00864nam a2200193Ia 4500 | ||
|---|---|---|---|
| 999 |
_c39595 _d39595 |
||
| 001 | 6195 | ||
| 003 | GE_BSU | ||
| 005 | 20190701171705.0 | ||
| 008 | 181216s1980|||| |||||||||||||| || || | ||
| 041 | _age | ||
| 080 | _a621.91(075.8) დ-22 | ||
| 100 |
_aდარისპანაშვილი, გ. _93110 |
||
| 245 |
_aლითონსაჭრელი იარაღების წარმოება : დამხმ. სახელმძღ. / _cგ. დარისპანაშვილი ; რედ : მ. ძიძიგური. |
||
| 264 |
_aთბილისი : _bსპი, _c1980. |
||
| 300 |
_a151 გვ .: _bცხრ; ნახაზ. _c19 სმ. |
||
| 653 | _aლითონსაჭრელი იარაღები | ||
| 700 |
_aძიძიგური, მ _eრედაქტორი _9472 |
||
| 942 |
_cBK _2udc |
||